000 00634cam a22002291 4500
001 8779844
005 20180216035652.0
008 750108s1939 xx 000 0 eng
010 _a 39016636
035 _a(OCoLC)1134067
040 _aDLC
_cMNS
_dDLC
041 _aeng
042 _apremarc
080 _a611.8 wat
082 _a611.8 wat
100 1 _a6+
101 _aana
245 1 4 _aThe anatomy of the nervous system
_cby Stephen Walter Ranson.
504 _aBibliography: p. 477-488.
906 _a7
_bcbc
_coclcrpl
_du
_encip
_f19
_gy-gencatlg
942 _2ddc
_cBK
999 _c42747
_d42747